|
|
|
|
| LEADER |
00659cam a2200217ua 4500 |
| 008 |
060815t1997||||||||||| 00 ||hin c |
| 020 |
|
|
|a 81-7055-470-5
|
| 041 |
0 |
|
|a hin
|
| 082 |
|
|
|a H891.431 001 5
|b CHA/M
|
| 100 |
0 |
|
|a Chanchal Chauhan,
|
| 245 |
0 |
0 |
|a Muktiboth ke pratik aur bimb /
|
| 260 |
|
|
|a New Delhi:
|b Vani prakasan,
|c 1997.
|
| 300 |
|
|
|a 160p..
|
| 362 |
1 |
|
|a 1997.
|
| 365 |
|
|
|a Rs.125/.
|e hb
|
| 504 |
|
|
|a .
|
| 650 |
|
|
|a Poems- Hindi
|
| 650 |
0 |
|
|a Hindi literature
|
| 942 |
|
|
|c BK
|
| 999 |
|
|
|c 6362
|d 6362
|
| 952 |
|
|
|0 0
|1 0
|4 0
|6 H_891_431000000000000_001_5_CH
|7 0
|9 6688
|a KUCL
|b KUCL
|d 2014-05-23
|l 2
|o H891.431 001 5 CHA/
|p 11548
|r 2019-12-09
|s 2019-11-28
|w 2014-05-23
|y BK
|